000
00301nam a22001337a 4500
008
181102b xxu||||| |||| 00| 0 eng d
020
_a
0721634125
041
_a
eng
080
_a
610.73
100
_a
2
101
_a
INF
245
_a
Perioperative Nursing Handbook
_c
Phippen, M.L
942
_2
udc
_c
BK
999
_c
51643
_d
51643